Highway engineering (Record no. 11916)

000 -LEADER
fixed length control field 00508nam a2200205 i 4500
001 - CONTROL NUMBER
control field 11916
003 - CONTROL NUMBER IDENTIFIER
control field BD-DhUET
008 - FIXED-LENGTH DATA ELEMENTS--GENERAL INFORMATION
fixed length control field 780725s1979 nyua b 001 0 eng
020 ## - INTERNATIONAL STANDARD BOOK NUMBER
International Standard Book Number 0471072605
040 ## - CATALOGING SOURCE
Original cataloging agency DLC
Transcribing agency DLC
Modifying agency BD-DhUET
082 00 - DEWEY DECIMAL CLASSIFICATION NUMBER
Classification number 625.7
Item number WRI/1979
100 1# - MAIN ENTRY--PERSONAL NAME
Personal name Wright, Paul H.
245 10 - TITLE STATEMENT
Title Highway engineering
250 ## - EDITION STATEMENT
Edition statement 4th ed.
260 ## - PUBLICATION, DISTRIBUTION, ETC. (IMPRINT)
Place of publication, distribution, etc. New York
Name of publisher, distributor, etc. John Wiley & Sons
Date of publication, distribution, etc. 1979
300 ## - PHYSICAL DESCRIPTION
Extent 828 p.
Other physical details ill.
650 #0 - SUBJECT ADDED ENTRY--TOPICAL TERM
Topical term or geographic name as entry element Highway engineering
700 ## - ADDED ENTRY--PERSONAL NAME
Personal name Paquette, Radnor J.
942 ## - ADDED ENTRY ELEMENTS (KOHA)
Koha item type General Book
Holdings
Not for loan Withdrawn status Date acquired Price effective from Source of classification or shelving scheme Damaged status Location (home branch) Copy number Sublocation or collection (holding branch) Koha full call number Shelving location Koha date last seen Koha normalized classification for sorting Koha item type Lost status Piece designation (barcode)
  2015-02-222015-02-22  Central Library, BUET1Central Library, BUET625.7/WRI/1979Circulation section2015-09-20625_700000000000000_WRI_1979General Book 53924
  2015-06-232015-06-23  Central Library, BUET2Central Library, BUET625.7/WRI/1979Reading section2015-06-23625_700000000000000_WRI_1979General Book 48728
  2015-06-232015-06-23  Central Library, BUET3Central Library, BUET625.7/WRI/1979Reading section2015-06-23625_700000000000000_WRI_1979General Book 48727
  2015-06-232015-06-23  Central Library, BUET4Central Library, BUET625.7/WRI/1979Reading section2015-06-23625_700000000000000_WRI_1979General Book 51825
  2015-06-292015-06-29  Central Library, BUET5Central Library, BUET625.7/WRI/1979Reading section2015-06-29625_700000000000000_WRI_1979General Book 48729
  2015-08-172015-08-17  Central Library, BUET6Central Library, BUET625.7/WRI/1979Circulation section2015-08-17625_700000000000000_WRI_1979General Book 53921